00410nam a22001457a 4500003000400000005001700004008004100021020001500062040000800077050001700085100003600102245002900138260003700167300006000204OSt20240621125318.0240621b xxu||||| |||| 00| 0 eng d a0590761501 cN/A aQL105b.C358 aSusan Canizares & Pamela Chanko aWho lives in the Arctic? aNew Yorkb Scholastic Inc.c1998 a1 volume (unpaged)b color illustrations c18 x 21 cm.